000 00754nam a2200241 a 4500
003 CO-ViMGA
005 20230915233130.0
008 140626s2014 ck gr 0001f spa d
020 _a9789588794235
040 _aCO-ViMGA
_bspa
_cCO-ViMGA
082 0 4 _aCo863.6
_bT35e
_221
100 1 _aTéllez, Freddy,
_d1946-
_93209
240 1 0 _aBogotá-Bibliografía regional
245 1 3 _aEl docto y el imbécil :
_bel aventurero del yo, II /
_cFreddy Téllez.
260 _aMedellín :
_bSílaba Editores,
_c2014.
300 _a155 páginas ;
_c22 cm.
490 0 _aTrazos y sílabas
650 1 4 _aAmor
_v Novela.
_9890
650 1 4 _aAutores
_v Novela.
_93210
650 1 4 _aNovela colombiana.
_9588
650 1 4 _aViajes
_v Novela.
_92514
942 _2ddc
_cBK
999 _c35451
_d35451